000 00337nam a22001337a 4500
008 260211b ||||| |||| 00| 0 eng d
020 _a9788858341230
041 _aital
080 _a0.3
100 _a20
101 _aital
245 _aIl celi 5 Dell universita per stranieri di Perugia
_cDanilo Rini , Fabio Zanda
942 _2lcc
_cBK
999 _c60783
_d60783